000 00652cam a2200241 a 4500
001 17052226
005 20180314083848.0
008 111121s2013 mauab 000 0deng
010 _a 2011943904
020 _a9781111831066
040 _aDLC
_cDLC
_dDLC
041 _aeng
042 _apcc
043 _an-us---
080 _a973 dav
082 0 0 _a973 dav
_223
100 1 _a16
101 _ahis
245 1 4 _aThe American pageant :
_cDavid M. Kennedy, Lizabeth Cohen.
906 _a7
_bcbc
_corignew
_d2
_eepcn
_f20
_gy-gencatlg
942 _2ddc
_cBK
999 _c45022
_d45022